Подробности
| 000 -МАРКЕР |
| контрольное поле |
01498nam0a22003851 4500 |
| 001 - ИДЕНТИФИКАТОР ЗАПИСИ |
| контрольное поле |
RU\NLR\A1SV\53513 |
| 005 - ИДЕНТИФИКАТОР ВЕРСИИ |
| контрольное поле |
20251203171251.9 |
| 035 ## - ДРУГИЕ СИСТЕМНЫЕ НОМЕРА |
| Идентификатор записи |
(NLR Aleph) 009735478 |
| 100 ## - ДАННЫЕ ОБЩЕЙ ОБРАБОТКИ |
| Данные общей обработки |
20050713d1918 u y0rusy50 ca |
| 101 0# - ЯЗЫК РЕСУРСА |
| Язык текста, звукозаписи и т.д. |
русский |
| 102 ## - СТРАНА ПУБЛИКАЦИИ ИЛИ ПРОИЗВОДСТВА |
| Страна публикации |
Российская Федерация |
| 200 1# - ЗАГЛАВИЕ И СВЕДЕНИЯ ОБ ОТВЕТСТВЕННОСТИ |
| Основное заглавие |
Экономичность теплосиловых установок с использованием побочных продуктов |
| Первые сведения об ответственности |
Проф. Г.Клингенберг |
| Последующие сведения об ответственности |
[Предисл.: пред. Теплового ком. К.В.Кирш; вступ. ст.: проф. К.Блахер, А.Шахно] |
| 210 ## - ПУБЛИКАЦИЯ, РАСПРОСТРАНЕНИЕ И ДР. |
| Место издания, распространения и т.д. |
М. |
| Имя издателя, распространителя и т. д. |
Тип. К.А.Якобсон |
| Дата издания, распространения и т.д. |
1918 |
| 215 ## - ФИЗИЧЕСКАЯ ХАРАКТЕРИСТИКА |
| Специфическое обозначение материала и объем |
[2], 22 с. с. |
| Другие сведения о физической характеристике |
черт. |
| Размеры |
34 см |
| 225 ## - СЕРИЯ |
| Основное заглавие серии |
[Издания] |
| Сведения об ответственности |
Тепловой ком. при Политехн. о-ве |
| Обозначение тома |
№ 11 |
| 300 ## - ОБЩИЕ ПРИМЕЧАНИЯ |
| Текст примечания |
Без тит. л. |
| 320 ## - ПРИМЕЧАНИЯ О НАЛИЧИИ В ДОКУМЕНТЕ БИБЛИОГРАФИИ / УКАЗАТЕЛЯ |
| Текст примечания |
Библиогр.: с.22 |
| 620 ## - МЕСТО И ДАТА ПУБЛИКАЦИИ, ИСПОЛНЕНИЯ И Т. Д. |
| Город |
Москва |
| 700 #1 - ИМЯ ЛИЦА - ПЕРВИЧНАЯ ОТВЕТСТВЕННОСТЬ |
| Начальный элемент ввода |
Клингенберг |
| Часть имени, кроме начального элемента ввода |
Г.Э. |
| Даты |
1870-1925 |
| Расширение инициалов личного имени |
Георг Эрнст |
| 702 #1 - ИМЯ ЛИЦА - ВТОРИЧНАЯ ОТВЕТСТВЕННОСТЬ |
| Начальный элемент ввода |
Блахер |
| Часть имени, кроме начального элемента ввода |
К.К. |
| Даты |
1867-1929 |
| Расширение инициалов личного имени |
Карл Карлович |
| 702 #1 - ИМЯ ЛИЦА - ВТОРИЧНАЯ ОТВЕТСТВЕННОСТЬ |
| Начальный элемент ввода |
Шахно |
| Часть имени, кроме начального элемента ввода |
А.П. |
| Даты |
1876- |
| Расширение инициалов личного имени |
Александр Павлович |
| 702 #1 - ИМЯ ЛИЦА - ВТОРИЧНАЯ ОТВЕТСТВЕННОСТЬ |
| Начальный элемент ввода |
Кирш |
| Часть имени, кроме начального элемента ввода |
К.В. |
| Даты |
1877-1919 |
| Расширение инициалов личного имени |
Карл Васильевич |
| 801 #0 - ИСТОЧНИК ЗАПИСИ |
| Страна |
Российская Федерация |
| Организация |
NLR |
| Дата составления |
20050713 |
| 899 ## - ДАННЫЕ О МЕСТОНАХОЖДЕНИИ (устаревшее) |
| Местонахождение |
РНБ |
| Шифр хранения |
17.145.1.7 |
| 899 ## - ДАННЫЕ О МЕСТОНАХОЖДЕНИИ (устаревшее) |
| Местонахождение |
РГБ |
| 899 ## - ДАННЫЕ О МЕСТОНАХОЖДЕНИИ (устаревшее) |
| Местонахождение |
БАН |
| 899 ## - ДАННЫЕ О МЕСТОНАХОЖДЕНИИ (устаревшее) |
| Местонахождение |
БАН |
| 899 ## - ДАННЫЕ О МЕСТОНАХОЖДЕНИИ (устаревшее) |
| Местонахождение |
РКП |
| 899 ## - ДАННЫЕ О МЕСТОНАХОЖДЕНИИ (устаревшее) |
| Местонахождение |
НБ Бел. |
| 942 ## - ДОПОЛНИТЕЛЬНЫЕ ЭЛЕМЕНТЫ ЗАПИСИ (АБИС) |
| Тип экземпляра АБИС |
Книга |
| 980 ## - КОЛЛЕКЦИЯ |
| Название коллекции |
Национальная библиография |
| 980 ## - КОЛЛЕКЦИЯ |
| Название коллекции |
Международный сводный каталог русской книги (1918-1926) |
| 980 ## - КОЛЛЕКЦИЯ |
| Название коллекции |
Международный сводный каталог русской книги (1918-1926) |